Financial reporting exposure draft: proposed amendment to FRS17 'retirement benefits' (Record no. 105462)

MARC details
000 -LEADER
fixed length control field 00379cam a2200133 4500
001 - CONTROL NUMBER
control field L133726
008 - FIXED-LENGTH DATA ELEMENTS--GENERAL INFORMATION
fixed length control field 060606n2006 000 0 eng u
020 ## - INTERNATIONAL STANDARD BOOK NUMBER
International Standard Book Number 1841408107
035 ## - SYSTEM CONTROL NUMBER
System control number (Sirsi) u133726
245 ## - TITLE STATEMENT
Title Financial reporting exposure draft: proposed amendment to FRS17 'retirement benefits'
260 ## - PUBLICATION, DISTRIBUTION, ETC.
Place of publication, distribution, etc. Accounting Standards Board
Date of publication, distribution, etc. 2006
350 ## - PRICE (NR) (BK AM CF MU VM SE) [OBSOLETE]
Price 5.00
942 ## - ADDED ENTRY ELEMENTS (KOHA)
Suppress in OPAC 0

No items available.